Five Letter Geography - K - Statistics

General Stats
  • This quiz has been taken 73 times
    72 since last reset
  • The average score is 7 of 10
Answer Stats
Hint Answer % Correct
Capital city of Afghanistan Kabul
99%
Country in Africa with Swahili as a major language Kenya
96%
Capital of Japan from 794 to 1868 Kyoto
96%
Official language of Cambodia Khmer
89%
Peninsula of two countries in East Asia Korea
87%
Currency of Sweden and Iceland Krona
83%
On of the major islands of Hawaii Kauai
40%
Largest city and capital of Tatarstan, Russia Kazan
39%
Bantu language in DRC, Angola, and Rep. of Congo Kongo
26%
Language in Sudan also known as Sani ma-yɛgaŋ Keiga
0%
No matching quizzes found
Score Distribution
Percent of People with Each Score
Percentile by Number Answered
Your Score History
You have not taken this quiz since the last reset